000 00449nam a2200145Ia 4500
008 100204s9999 xx 000 0 und d
082 _b3298
100 _aपंडित बाळ ज.
245 _a्रत्रिफळा
260 _b"अजब पुस्तकालय, कोल्हापूर"
_c1981
300 _a83
630 _a्रत्रिफळा
730 _a्रत्रिफळा
942 _cBOOK
999 _c465484
_d465481